Traffic control devices and traffic signal systems

Uloženo v:
Podrobná bibliografie
Korporativní autor: Transportation Research Board (Autor)
Médium: Kniha
Jazyk:angličtina
Vydáno: Washington, D.C Transportation Research Board 1982
Edice:Transportation Research Record, 881
Témata:
Tagy: Přidat tag
Žádné tagy, Buďte první, kdo vytvoří štítek k tomuto záznamu!

MARC

LEADER 00000nam a2200000 a 4500
001 UCU6665
003 CL-VaPUC
008 960621e19820000US |||||||||||||||||eng|d
082 0 4 |a 388.312  |b TRA  |2 21 
110 2 |a Transportation Research Board  |e author  |9 364980 
245 1 0 |a Traffic control devices and traffic signal systems 
300 |a 76 p 
942 |c BK 
945 |d 19960621 00:00:00  |a paguirre 
260 |a Washington, D.C  |b Transportation Research Board  |c 1982 
650 0 |a Tráfico  |9 263653 
650 7 |a REGULACION DEL TRAFICO  |2 CL-VaPUC  |9 364548 
650 0 |a Señales  |9 268475 
650 7 |a TRANSPORTE  |2 CL-VaPUC  |9 256365 
650 7 |a TRAFICO URBANO  |2 CL-VaPUC  |9 364981 
583 |a last modification  |c 19960621 00:00:00  |k Rodrigo Vera 
490 0 |a Transportation Research Record, 881 
999 |c 249504  |d 249502